General Knowledge #1 - Statistics

General Stats
  • This quiz has been taken 48 times
  • The average score is 8 of 15
Answer Stats
Description Answer % Correct
Berlin is the capital of which country? Germany
100%
Which is the longest river in the world? Nile
100%
Does the moon have gravity? Yes
98%
What's the only country starting with ' Y ' yemen
93%
What is Earth's largest continent? Asia
89%
You want to make green paint. Which colours do you mix together? Blue and Yellow
82%
What is the country with the smallest mass? Vatican City
75%
Where is the Lighthouse of Alexandria located? Egypt
66%
What will you actually find at the end of every rainbow? w
36%
What country had an all green flag Libya
34%
What year did Albert Einstein die? 1955
32%
Who invented basketball? Naismith
18%
What's the currency in Sudan? Sudanese pound
9%
What's the north most point in the world Kaffeklubben Island
2%
What can run but not walk? raindrops
2%
No matching quizzes found
Score Distribution
Percent of People with Each Score
Percentile by Number Answered
Your Score History
You have not taken this quiz